000 01788cam a22005054i 4500
003 PE-LiUPU
005 20250731184552.0
008 150616s r 000 0 d
035 _a(Sirsi) a3452
040 _aPE-LiUPU
_bspa
_cPE-LiUPU
_erda
049 _aPRUA
082 0 4 _a985.263
_bT73
_221
245 0 3 _aEl Callao y los chalacos /
_cE. Torres, D. Arrús, E. Middendorf [y otros].
264 1 _aLima :
_bConcytec,
_c1988.
300 _a90 páginas :
_bilustraciones planos ;
_c21 cm.
336 _atext
_2rdacontent
337 _aunmediated
_2rdamedia
338 _avolume
_2rdacarrier
504 _aIncluye bibliografía.
505 0 _aEl Callao y los chalacos De Antaño y Hogaño -- Efemérides -- Cosas de siempre -- Tipos y costumbres -- De todo un poco.
526 _aP136
526 _aP135
526 _aP134
526 _aP133
526 _aP144
526 _aP143
526 _aP87
526 _aP35
526 _aP20
526 _aP14
526 _aP10
526 _aP06
650 0 4 _aCallao (Perú : Provincia Constitucional)
_xHistoria.
650 0 4 _aCallao (Perú : Provincia Constitucional)
_xToponímia.
700 1 _aTorres Saldamando, Enrique,
_d1846-1896
700 1 _aArrús, M. Darío1855-1929
700 1 _aMiddendorf, Ernst W.1830-1908.
910 _ajck
_bjvq
_cjck
942 _2ddc
_cBOOK
949 _a985.263 T73
_wDEWEY
_c1
_i29690
_lCCODEBUL1
_mBUL
_p00.00
_r0
_sY
_tBOOK
_u2015-04-23
_xEDUCACION
_PP20
_0COMPRA
_o.STAFF. Colección General
994 _aC0
_bPEPRU
596 _a1
999 _a985.263 T73
_wDEWEY
_c42385
_i29690
_f2021-11-8
_g4
_lCCODEBUL1
_mBUL
_r0
_sY
_tBOOK
_u2015-4-23
_xBIBLIOTECA
_PP20
_0COMPRA
_o.STAFF. Colección General
_d42385
980 _81
_gALBERTO SANCHEZ Responsable de Automatización